000 01792nam a2200277 a 4500
001 41757
003 BD-RjUL
005 20211209053438.0
008 160605s1969 ohua b 000 0 eng
020 _a0675094364
035 _a(BD-RjUL)41875
040 _aDLC
_cDLC
_dDLC
_dBD-RjUL
_beng
041 _aeng
082 0 0 _a320.973
_bETH 1969
245 1 0 _aEthnic group politics /
_cedited by Harry A. Bailey, Jr. [and] Ellis Katz.
260 _aColumbus, Ohio :
_bMerrill,
_cc1969
300 _axvi, 331 p. :
_billus. ;
_c23 cm.
490 0 _aMerrill political science series
504 _aBibliographical footnotes.
505 0 _aHistorical perspectives on the American ethnic group, by O. Handlin.--Religious group conflict, by W. Herberg.--The two worlds of race: a historical view, by J. H. Franklin.--Membership in social groupings, by A. Campbell [and others]--The way of the ethnic in politics, by R. E. Lane.--The political socialization of the American Negro, by D. Marvick.--American Jews and the Presidential vote, by L. H. Fuchs.--The Negro voter in northern industrial cities, by O. Glantz.--Catholic voters and the Democratic Party, by S. Greer.--Bosses, machines, and ethnic politics, by E. E. Cornwell.--Two Negro politicians: an interpretation, by J. Q. Wilson.--The ex-plebes, by R. A. Dahl.--The new men, by R. A. Dahl.--Ethnic politics and the persistence of ethnic identification, by M. Parenti.--Black nationalism: conclusions and trends, by E. U. Essien-Udom.--Black power, by S. Carmichael and C. Hamilton.--Beyond the melting pot, by N. Glazer and D. P. Moynihan.
650 0 _aVoting
_zUnited States.
_9128174
650 0 _aElections
_zUnited States.
_9128278
700 1 _aKatz, Ellis,
_d1938-
_ejoint comp.
_9128279
942 _2ddc
_cBK
999 _c41757
_d41757